000 01122nam a2200277Ia 4500
003 PE SENCICO BE
005 20251020182439.0
008 200515s9999 xx 000 0 und d
020 _a84-95279-66-5
040 _aPE SENCICO BE
_cPE SENCICO BE
041 _aspa
082 _a526.9
_bO74
100 1 _aOrtiz Sanz, Luis
_93250
_eautor
245 1 0 _aProblemas de topografía y fotogrametría /
_cLuis Ortiz Sanz, Luz Gil Campo, Teresa Rego Sanmartín
250 _a1a ed.
260 _aMadrid :
_bBellisco Ediciones Técnicas y Científicas ;
_c2003
300 _apaginación irregular :
_btablas, gráficos ;
_c24 cm.
490 _aBiblioteca técnica universitaria ;
_v8
505 0 _aCoordenadas -- Curvatura terrestre -- Errores -- Radiaciones -- Itinerarias -- Intersecciones -- Nivelación geométrica -- Nivelación trigonométrica -- Levantamientos fotogramétricos -- Fotogrametría paralajes
650 1 0 _aTopografía
_94
650 2 0 _aGeodesia
_92
650 2 0 _aFotogrametría
_9120
700 1 _93251
_aGil Campo, Luz
_eautor
700 1 _93252
_aRego Sanmartín, Teresa
_eautor
942 _cLIB
_2ddc
999 _c499
_d499